000 00710nam a2200253Ia 4500
003 OSt
005 20221002043938.0
006 a|||||r|||| 00| 0
007 ta
008 220930b |||||||| |||| 00| 0 eng d
020 _a8172016891
024 _a23120
037 _cReference Collections
040 _aCRL
_cCRL
_beng
041 _2eng
_aeng
082 _aO15wk2,N91, N4(RR)
100 _aDutt K C Ed.
245 0 _aWho's who of Sanskrit scholars in India 1991
260 _aNew Delhi
_bSahitya Akademi India
_c1994
300 _a594p.
_ccm.
650 _aENGLISH LITERATURE
942 _hO15wk2,N91, N4(RR)
_cref
_2CC
999 _c909246
_d909246